Les sociétaires des Grosses Têtes 1 - Statistiques

Statistiques générales
  • Ce quiz a été pris 55 fois
  • Le résultat moyen est 35 sur 55
Statistiques - réponses
Nom ou Prénom Initiale Réponse % Correct
Humoriste Demaison F-X François-Xavier
98%
Politicienne Bachelot R Roselyne
96%
Animateur Benjamin C Castaldi
94%
Animateur Manoeuvre P Philippe
94%
Actrice Victoria A Abril
91%
Humoriste Ferrari J Jérémy
91%
Imitateur Thierry L L Le Luron
91%
Animatrice Christine B Bravo
89%
Chroniqueur El Kharrat P Paul
89%
Actrice Desmarets S Sophie
89%
Animatrice Favier S Sophie
89%
Humoriste Eboué F Fabrice
87%
Journaliste Christine O Ockrent
87%
Humoriste Bosso P Patrick
87%
Acteur Bruno S Solo
87%
Animatrice Leclercq E Evelyne
85%
Humoriste Arnaud T Tsamere
85%
Humoriste Laurent B Baffie
83%
Animatrice Laurence B Boccolini
83%
Acteur Francis H Huster
83%
Animateur Julien C Courbet
81%
Chanteur Sacha D Distel
81%
Actrice Sardou J Jackie
81%
Dessinateur Philippe G Geluck
79%
Acteur Jean-Claude B Brialy
72%
Acteur Shelmerdine J-B Jean-Baptiste
72%
Humoriste Raphaël M Mezrahi
70%
Danseur Chazot J Jacques
68%
Ecrivain Lambron M Marc
66%
Acteur François R Rollin
66%
Journaliste Valérie T Trierweiler
66%
Journaliste Roland T Thierry
64%
Actrice Krief B Bérengère
62%
Acteur Roger C Carel
62%
Juriste Marcela I Iacub
62%
Humoriste - T Titoff
62%
Ecrivain Bernard W Werber
62%
Animatrice Julie L Leclerc
60%
Animateur Frédéric M Mitterrand
55%
Acteur Eric L Laugérias
51%
Humoriste Michel B Boujenah
49%
Galeriste Brantes (de) E Emmanuel
45%
Animateur Schick D Daniel
43%
Animateur Jérémy M Michalak
36%
Dramaturge Bielle J-E Jean-Eric
34%
Chanteur Boring D David
32%
Humoriste - B Booder
28%
Humoriste - A Artus
26%
Producteur - O Orlando
26%
Chanteur - C Carlos
23%
Humoriste Jean-philippe J Janssens
23%
Critique de cinéma Pantel M Monique
19%
Actrice Joséphine C Chaplin
6%
Humoriste Jean-Pierre G Gauffre
0%
Journaliste Etienne G Gemelle
0%
Aucun quiz correspondant
Distribution des résultats
% des personnes avec chaque résultat
Percentile par nombre de réponses
Votre historique - résultats
Vous n’avez pas pris ce quiz